MARC

LEADER 00000nam0a2200000 4500
001 313204
005 20231102002547.0
035 |a (RuTPU)RU\TPU\book\338588 
090 |a 313204 
100 |a 20160116d1974 km y0rusy50 ca 
101 0 |a rus 
102 |a RU 
105 |a a z 000zy 
200 1 |a Совершенствование планирования в НИИ и КБ машиностроения  |f К. Ф. Пузыня 
210 |a Ленинград  |c Машиностроение  |d 1974 
215 |a 320 с.  |c ил. 
606 1 |a Машиностроение  |x Научно-исследовательские институты  |2 stltpush  |3 (RuTPU)RU\TPU\subj\41448  |9 61239 
610 1 |a планирование 
610 1 |a конструкторские бюро 
610 1 |a классификация 
610 1 |a специализация 
610 1 |a прогнозирование 
610 1 |a нормативы 
610 1 |a трудоемкость 
610 1 |a себестоимость 
610 1 |a моделирование 
610 1 |a линейное программирование 
610 1 |a хозрасчет 
610 1 |a экономическое стимулирование 
675 |a 621.002:06  |v 4 
700 1 |a Пузыня  |b К. Ф.  |g Константин Федорович 
801 1 |a RU  |b 63413507  |c 20160116 
801 2 |a RU  |b 63413507  |c 20160125  |g RCR 
942 |c BK